00400nam a2200145 a 4500008004100000050001500041100002000056245004100076260003400117300001700151350000900168650001400177650004600191700001700237120416s1963 ||||||||||||||||| || u aHC 800 Int aBillington, G.C10aAfrican studies in income and wealth aLondonbBowes and Bowesc1963 axviii, 433p. a0.00 0aECONOMICS aINCOME DISTRIBUTION--AFRICA--CASE STUDIES aSamuels, L.H